Vista normal
Vista MARC
- APLICACIONES DISTRIBUIDAS
Entrada Topical Term
Número de registros utilizados en: 2
001 - CONTROL NUMBER
- control field: 27079
003 - CONTROL NUMBER IDENTIFIER
- control field: OSt
005 - DATE AND TIME OF LATEST TRANSACTION
- control field: 20161014102540.0
008 - FIXED-LENGTH DATA ELEMENTS
- fixed length control field: 161014|| aca||aabn | a|a d
040 ## - CATALOGING SOURCE
- Original cataloging agency: OSt
- Transcribing agency: OSt
150 ## - HEADING--TOPICAL TERM
- Topical term or geographic name entry element: APLICACIONES DISTRIBUIDAS
670 ## - SOURCE DATA FOUND
- Source citation: Work cat.: (OSt)1557: Charte Ojeda, Francisco Javier 6605, Programación con Delphi 6 y Kylixb